Statistics for Fill in the Blank: Famous Quotes

Click here to take the quiz!

General Stats

  • This quiz has been taken 310 times
  • The average score is 5 of 10

Answer Stats

HintAnswer% Correct
You must be the _____ you wish to see in the world.Change
77%
Anyone who has never made a ______ never tried anything new.Mistake
73%
Don't ___ because it's over. Smile because it happened.Cry
71%
The journey of a _____ miles begins with a single step.Thousand
68%
An eye for an eye only ends up making the whole world ____.Blind
57%
The ____ isn't over until it's overGame
39%
The only way to have a _____ is to be one.Friend
34%
Life itself is your _____, and you are in a constant state of learning.Teacher
27%
If you're going to be _____ at least make one of them pretty.Two Faced
15%
The human race has one really effective weapon, and that is _____.Laughter
8%

Score Distribution

Percentile by Number Answered

Percent of People with Each Score

Your Score History

You have not taken this quiz